La Cyberdéfense : Politique de l'espace numérique (notice n° 2198775)
[ vue normale ]
| 000 -LEADER | |
|---|---|
| fixed length control field | 01935cam a2200157 4500500 |
| 005 - DATE AND TIME OF LATEST TRANSACTION | |
| control field | 20260405085605.0 |
| 041 ## - LANGUAGE CODE | |
| Language code of text/sound track or separate title | fre |
| 042 ## - AUTHENTICATION CODE | |
| Authentication code | dc |
| 100 10 - MAIN ENTRY--PERSONAL NAME | |
| Personal name | Taillat, Stéphane |
| Relator term | author |
| 245 00 - TITLE STATEMENT | |
| Title | La Cyberdéfense : Politique de l'espace numérique |
| 260 ## - PUBLICATION, DISTRIBUTION, ETC. | |
| Name of publisher, distributor, etc. | Armand Colin,<br/> |
| Date of publication, distribution, etc. | 2023.<br/> |
| 520 ## - SUMMARY, ETC. | |
| Summary, etc. | Dans un monde où les réseaux numériques entraînent une interconnexion des systèmes de traitement de l’information, les menaces associées à la digitalisation ont totalement transformé la manière de concevoir les conflits contemporains. Les États, et les principaux acteurs de la sécurité, sont donc amenés à repenser leurs politiques, leurs architectures et leurs stratégies de défense sur la scène internationale. Le domaine de la cyberdéfense doit être appréhendé de manière globale et pluridisciplinaire, au croisement des approches politiques et géopolitiques, stratégiques et juridiques, économiques, techniques et sociotechniques. Cet ouvrage, rédigé par de nombreux spécialistes, offre de manière concise et accessible une vision large des connaissances disponibles sur la gestion de crise dans l’espace numérique. Rapports de forces, cyberattaques sur les infrastructures, hacking, espionnage, fake news, cette deuxième édition, entièrement revue et actualisée, prend en compte les changements opérés dans le domaine de la cyberdéfense ces dernières années. Elle présente les dernières avancées technologiques et les transformations des enjeux liés à la conflictualité numérique, dans un monde cyber en perpétuel mouvement et étroitement lié à l’actualité mondiale, en témoignent les évolutions provoquées ou accélérées par la crise de la Covid-19 et la guerre en Ukraine. |
| 700 10 - ADDED ENTRY--PERSONAL NAME | |
| Personal name | Cattaruzza, Amaël |
| Relator term | author |
| 700 10 - ADDED ENTRY--PERSONAL NAME | |
| Personal name | Danet, Didier |
| Relator term | author |
| 856 41 - ELECTRONIC LOCATION AND ACCESS | |
| Uniform Resource Identifier | <a href="https://shs.cairn.info/la-cyberdefense--9782200634223?lang=fr&redirect-ssocas=7080">https://shs.cairn.info/la-cyberdefense--9782200634223?lang=fr&redirect-ssocas=7080</a> |
Pas d'exemplaire disponible.




Réseaux sociaux